000 00772nas a2200253 4500
001 BR0404861
003 BR-BrBNA
005 20231205104906.0
007 ta
008 230509b bl.|||p| |||| 00| 00por d
040 _aBR-BrBNA
_bpor
_cBiblioteca Nacional de Agricultura
041 _a(Pt)
072 _aQ80; J11
100 1 _aMelo, A.A.M.
100 1 _aLima, L.C. de O.
245 1 _aInfluência de três diferentes embalagens de PVC na vida pós-colheita de nêspera
650 _aNÊSPERA
650 _aPÓS-COLHEITA
650 _aARMAZENAMENTO
650 _aEMBALAGEM
773 0 _tCiência e Agrotecnologia (Brazil)
_xISSN 1413-7054
_g(Nov-Dec 2003), v. 27(6) p. 1330-1339
_wBR0404861
909 _a202311
_bLúcia
_c55
_dLúcia Elande
942 _2AGRIS
_n0
_cANA
999 _c180163
_d180163